Survey on common diseases in suckling piglet, អង្កេតលើជំងឺដែលជូបប្រទះលើកូកជ្រូកកំឡុងពេលបំបៅដោះ (Record no. 2628)
[ view plain ]
| 000 -LEADER | |
|---|---|
| fixed length control field | 00557nam a22001577a 4500 |
| 003 - CONTROL NUMBER IDENTIFIER | |
| control field | OSt |
| 005 - DATE AND TIME OF LATEST TRANSACTION | |
| control field | 20151024150745.0 |
| 008 - FIXED-LENGTH DATA ELEMENTS--GENERAL INFORMATION | |
| fixed length control field | 151024b xxu||||| |||| 00| 0 eng d |
| 040 ## - CATALOGING SOURCE | |
| Transcribing agency | RUA |
| 082 ## - DEWEY DECIMAL CLASSIFICATION NUMBER | |
| Classification number | AVM THA 2012 B102 Or.1 |
| 100 ## - MAIN ENTRY--PERSONAL NAME | |
| 9 (RLIN) | 2808 |
| Personal name | THANH, CHANKIRY. |
| 245 ## - TITLE STATEMENT | |
| Title | Survey on common diseases in suckling piglet, អង្កេតលើជំងឺដែលជូបប្រទះលើកូកជ្រូកកំឡុងពេលបំបៅដោះ |
| 260 ## - PUBLICATION, DISTRIBUTION, ETC. (IMPRINT) | |
| Place of publication, distribution, etc. | Phnom Penh |
| Name of publisher, distributor, etc. | RUA |
| Date of publication, distribution, etc. | 2012 |
| 300 ## - PHYSICAL DESCRIPTION | |
| Extent | ix; 37p. |
| Other physical details | ill. |
| Dimensions | 29cm. |
| 942 ## - ADDED ENTRY ELEMENTS (KOHA) | |
| Source of classification or shelving scheme | |
| Koha item type | AVM |
| Price effective from | Date last seen | Permanent Location | Not for loan | Date acquired | Source of classification or shelving scheme | Koha item type | Lost status | Withdrawn status | Total Renewals | Date last checked out | Total Checkouts | Shelving location | Damaged status | Barcode | Current Location | Full call number |
|---|---|---|---|---|---|---|---|---|---|---|---|---|---|---|---|---|
| 2015-10-24 | 2016-03-05 | Library Block B | 2015-10-24 | AVM | 2016-02-02 | 1 | B102 | RUA015202 | Library Block B | AVM THA 2012 B102 Or.1 | ||||||
| 2015-10-24 | 2015-10-24 | Library Block B | 2015-10-24 | AVM | B102 | RUA015271 | Library Block B | AVM THA 2012 B102 Or.2 | ||||||||
| 2015-10-24 | 2018-12-14 | Library Block B | 2015-10-24 | AVM | 2018-10-05 | 5 | B102 | RUA009091 | Library Block B | AVM THA 2012 B102 Or.3 | ||||||
| 2015-10-24 | 2016-08-19 | Library Block B | 2015-10-24 | AVM | 2016-08-05 | 2 | B102 | RUA018318 | Library Block B | AVM THA 2012 B102 Or.4 | ||||||
| 2015-10-24 | 2015-10-24 | Library Block B | 2015-10-24 | AVM | B102 | RUA018470 | Library Block B | AVM THA 2012 B102 Or.5 | ||||||||
| 2015-10-24 | 2022-06-24 | Library Block B | 2015-10-24 | AVM | 1 | 2022-06-07 | 5 | B102 | RUA019086 | Library Block B | AVM THA 2012 B102 Or.6 | |||||
| 2016-02-04 | 2016-05-23 | Library Block B | 2016-02-04 | AVM | 2016-05-07 | 1 | B102 | RUA042308 | Library Block B | AVM THA 2012 B102 Or.7 | ||||||
| 2022-10-26 | 2022-10-26 | Library Block B | 2022-10-26 | AVM | B102 | a37276 | Library Block B | AVM THA 2012 B102 Or.1 |